The air quality strategy for England, Scotland, Wales and Northern Ireland (Record no. 100197)
[ view plain ]
| 000 -LEADER | |
|---|---|
| fixed length control field | 00991cam a2200277 4500 |
| 001 - CONTROL NUMBER | |
| control field | L104022 |
| 008 - FIXED-LENGTH DATA ELEMENTS--GENERAL INFORMATION | |
| fixed length control field | 000000n2000 000 0 eng u |
| 020 ## - INTERNATIONAL STANDARD BOOK NUMBER | |
| International Standard Book Number | 0101454821 |
| 035 ## - SYSTEM CONTROL NUMBER | |
| System control number | (Sirsi) u104022 |
| 041 ## - LANGUAGE CODE | |
| Language code of text/sound track or separate title | eng |
| 050 ## - LIBRARY OF CONGRESS CALL NUMBER | |
| Classification number | 614.7 |
| -- | 18 |
| 110 ## - MAIN ENTRY--CORPORATE NAME | |
| Corporate name or jurisdiction name as entry element | United Kingdom |
| Subordinate unit | Department of the Environment, Transport and the Regions |
| 9 (RLIN) | 3507 |
| 245 #4 - TITLE STATEMENT | |
| Title | The air quality strategy for England, Scotland, Wales and Northern Ireland |
| Remainder of title | working together for clean air |
| 260 ## - PUBLICATION, DISTRIBUTION, ETC. | |
| Place of publication, distribution, etc. | London |
| Name of publisher, distributor, etc. | DETR |
| Date of publication, distribution, etc. | 2000 |
| 300 ## - PHYSICAL DESCRIPTION | |
| Extent | 192p. |
| Other physical details | ill. |
| Dimensions | 30cm. |
| 350 ## - PRICE (NR) (BK AM CF MU VM SE) [OBSOLETE] | |
| Price | 20 |
| 490 ## - SERIES STATEMENT | |
| Series statement | Cm |
| Volume/sequential designation | 4548 |
| 490 ## - SERIES STATEMENT | |
| Series statement | SE |
| Volume/sequential designation | 2000/3 |
| 490 ## - SERIES STATEMENT | |
| Series statement | NIA |
| Volume/sequential designation | 7 |
| 690 ## - LOCAL SUBJECT ADDED ENTRY--TOPICAL TERM (OCLC, RLIN) | |
| Topical term or geographic name as entry element | ENVIRONMENTAL AND LAND CONSULTANCY-ENVIRONMENTAL MANAGEMENT |
| 710 ## - ADDED ENTRY--CORPORATE NAME | |
| Corporate name or jurisdiction name as entry element | Scottish Executive |
| 9 (RLIN) | 3811 |
| 710 ## - ADDED ENTRY--CORPORATE NAME | |
| Corporate name or jurisdiction name as entry element | NAFW |
| 9 (RLIN) | 3812 |
| 710 ## - ADDED ENTRY--CORPORATE NAME | |
| Corporate name or jurisdiction name as entry element | Department of the Environment for Northern Ireland |
| 9 (RLIN) | 175 |
| 856 ## - ELECTRONIC LOCATION AND ACCESS | |
| Uniform Resource Identifier | <a href="https://www.defra.gov.uk/environment/airquality/strategy/index.htm">https://www.defra.gov.uk/environment/airquality/strategy/index.htm</a> |
| Public note | View the strategy free of charge at www.defra.gov.uk... |
| 942 ## - ADDED ENTRY ELEMENTS (KOHA) | |
| Suppress in OPAC | 0 |
| Withdrawn status | Lost status | Source of classification or shelving scheme | Damaged status | Not for loan | Home library | Current library | Shelving location | Date acquired | Total Checkouts | Full call number | Barcode | Date last seen | Date last checked out | Copy number | Price effective from | Koha item type |
|---|---|---|---|---|---|---|---|---|---|---|---|---|---|---|---|---|
| Dewey Decimal Classification | Virtual | Virtual | Online | 18/08/2000 | 1 | ONLINE PUBLICATION | 30062091 | 06/08/2019 | 19/09/2001 | 1 | 06/08/2019 | Book |